000 00602nam a22001817a 4500
005 20171031110132.0
010 _aENG-121125
020 _a9789383514052
_c595.00
035 _aEN-104657
037 _bDBAD/PUB
082 _a301.153
100 _aBhola Prasad Singh
245 _aThe great soul :
_cby Bhola Prasad Singh [and] Naveen Kumar Singh
_bgandhian experiments with 'truth and untouchability' /
260 _aNew Delhi
_bLucky International
_c2015
270 _aH-16/1922, Sangam Vihar
_bNew Delhi
_e110080
300 _a200p.
_c22cm(Hb)
942 _2ddc
_cEN
_h301.153
_mBHO
999 _c147003
_d147003